000 00314nam a2200133Ia 4500
008 191201s2006 xx 000 0 und d
082 _a346.065
_bAGM
100 _aAGGARWAL, S K
245 0 _aModern Business Law
260 _aN.Delhi
_bGalgotia Pub. Pvt
_c2006
300 _a541
650 _aMBA
942 _2ddc
_cBK
999 _c3015
_d3015